| 000 | 00750nam a2200217Ia 4500 | ||
|---|---|---|---|
| 003 | GCL | ||
| 008 | 140319s9999 xx 000 0 ara d | ||
| 040 |
_aGCL / _cGCL |
||
| 082 | 0 | 4 |
_aم _b348.06 _bح م |
| 100 | 1 | _aحسن الفكهانى | |
| 245 | 1 | 0 |
_aالموسوعة الذهبية للقواعد القانونية التى قررتها محكمة النقض المصرية / _cحسن الفكهانى |
| 700 | 1 | _aعبدالمنعم حسنى | |
| 260 |
_aالقاهرة : _bالدار العربية للموسوعات ، _c1993 |
||
| 300 | _a43 مجلد | ||
| 490 | _a | ||
| 650 | 0 | 4 | _aالقانون الجنائى |
| 650 | 0 | 4 | _aالقانون |
| 650 | 0 | 4 | _aموسوعات |
| 650 | 0 | 4 | _aالقانون المدنى |
| 942 |
_2ddc _cBK |
||
| 999 |
_c56963 _d56963 |
||